| 000 | 00914nam a2200229Ia 4500 | ||
|---|---|---|---|
| 001 | 11427 | ||
| 003 | GE_BSU | ||
| 008 | 181216s||||||||xx |||||||||||||| ||und|| | ||
| 040 | _cGE_BSU | ||
| 080 | _a634.6(075.8)+581.19(075.8) | ||
| 100 | _aგოგია,ვ. | ||
| 245 | _aსუბტროპიკული მცენარეების ბიოქიმია. | ||
| 245 | _bდამხმ.სახელმძღვ. სუბტროპიკული მეურნეობის ინ-ტის სტუდენტებისათვის. | ||
| 245 | _cრედ:ქ.დგებუაძე. | ||
| 260 | _aთბილისი. | ||
| 260 | _bგანათლება. | ||
| 260 | _c1979. | ||
| 300 | _a326გვ;22სმ. | ||
| 300 | _eცხრ. | ||
| 653 | _aსუბტროპიკული მცენარეების ბიოქიმია. | ||
| 942 | _cBK | ||
| 999 |
_c44624 _d44624 |
||